Click Quotes to Movie - Statistics

General Stats
  • This quiz has been taken 93 times
  • The average score is 5 of 8
Answer Stats
Hint Answer % Correct
A boy's best friend is his mother Psycho
86%
Leave the gun, take the cannoli The Godfather
85%
Five months of peace is just what I need The Shining
70%
What I want out of each and every one of you is a hard-target search of every gas station, residence, warehouse, farmhouse, henhouse, outhouse and doghouse in that area The Fugitive
68%
Are you trying to make me look stupid in front of the other guests? Clue
65%
Yes Satan? Oh, I'm sorry sir! You sounded like someone else Ace Ventura: Pet Detective
61%
This thing's nicer than my apartment Beverly Hills Cop
56%
I'd rather not spend the rest of this winter TIED TO THIS FUCKING COUCH! The Thing
35%
No matching quizzes found
Score Distribution
Percent of People with Each Score
Percentile by Number Answered
Your Score History
You have not taken this quiz